000 00319nam a22001337a 4500
008 210301b ||||| |||| 00| 0 eng d
020 _a9780025281608
041 _aeng
080 _a038
100 _a23
101 _aFJA
245 _aThe Macmillan Visual Dictionary
_cMacmillan Publishing Company
942 _2udc
_cBK
999 _c55382
_d55382